000 02088nam a2200373 c 4500
003 BLK
005 20241216164640.0
008 180409b bul|||||r ||||||| ||bul||
010 _aKNG00106364000
020 _a954-649-563-8
_bиздат.: Сиела Софт енд Паблишинг
040 _aBLK
041 _aBUL
_cBUL
080 _aБългарска литература в основното училище. Методика на обучението
_b373.3.016:821.163.2
_x(075.2)
_z373.3.016:821.163.2(075.2)
080 _aЛитературна дейност. Редактиране. Култура на речта. Стилистика. Литературна техника
_b808
_x(075.2)
_z808(075.2)
100 _aРадев, Радослав Димитров
_9364728
700 1 _aПопова, Койка Тинева
_eсъавт.
_9364619
700 1 _aЦветков, Станимир Серафимов
_eсъавт.
_9283105
139 _aРадев, Радослав Димитров и др.
_bР 12
245 1 0 _aПетокласниците пишат
_bПреразказ ; Съч. описание ; Съч. по преживяна случка ; Съч. по значим проблем
_cРадослав Димитров Радев; съавт. Койка Тинева Попова; съавт. Станимир Серафимов Цветков.
257 _aBGR
260 София
_bСиела Софт енд Паблишинг
_c2003
300 _a108 с.
_bс табл., сх.
_c21 см
380 _a3
650 4 _aБългарска литература - методика на преподаването - за основни училища
_9257239
650 4 _aСъчинение и преразказ
_9262069
653 _aбългарска литература
653 _aметодика на преподаването
852 _aЦб 214985
856 4 _qpdf
_u
856 4 _qpdf
_u
942 _cKNG
_n0
944 _aCR
_c01.01.2003
_k30550
_lКети Илиева
944 _aED
_c31.05.2004
_k
999 _c101321
_d101321